| 000 | 00987namaa2200253 i 4500 | ||
|---|---|---|---|
| 001 | 178963 | ||
| 003 | ES-MaACL | ||
| 005 | 20250703032351.0 | ||
| 008 | 110816e1901 fr | |||| ||fre d | ||
| 080 | _a331(94)"18" | ||
| 080 | _a331(931)"18" | ||
| 100 | 1 |
_aMétin, Albert. _980729 _eaut |
|
| 245 | 1 | 3 |
_aLe socialisme sans doctrines _b: la question agraire et la question ouvrière en Australie et Nouvelle-Zélande / _cpar Albert Métin. |
| 260 |
_aParis : _bFélix Alcan, _c1901. |
||
| 300 |
_aIII, 281 p. ; _c22 cm. |
||
| 490 | 1 |
_aBibliothèque générale des sciences sociales ; _v9 |
|
| 650 | 4 |
_aTrabajo- _zAustralia. _9147609 |
|
| 650 | 4 |
_aTrabajo- _zNueva Zelanda. _9147610 |
|
| 830 | 0 |
_aBibliothèque générale des sciences sociales ; _v9 _9187778 |
|
| 852 |
_aES-MaACL _cDEPO2 _jC-23089 |
||
| 852 |
_aES-MaACL _cSVI _fSello estampado de "Antonio Aura Boronat" _hDonativo de Antonio Aura Boronat _jD-5010 |
||
| 942 |
_2udc _cMONOGRAFIA _n0 |
||
| 999 |
_c178963 _d178963 |
||